[Event "Sao Paulo Pascoa op"]
[Site "Sao Paulo"]
[Date "2024.03.29"]
[Round "1"]
[White "Matiuci, Bernardo Steinle"]
[Black "De Bastiani, Tales Otavio"]
[Result "1-0"]
[WhiteElo "1763"]
[BlackElo "1489"]
[PlyCount "117"]
[EventDate "2024.03.29"]
[EventType "swiss"]
[EventRounds "6"]
[EventCountry "BRA"]
[SourceTitle "CB14_2024"]
[SourceDate "2024.04.01"]
[SourceVersion "1"]
[SourceVersionDate "2024.04.01"]
[SourceQuality "1"]

1. d4 Nf6 2. c4 e6 3. Nc3 Bb4 4. e3 0-0 5. Bd2 Re8 6. Bd3 d5 7. Nf3 b6 8. 0-0 Bb7 9. cxd5 exd5 10. a3 Bf8 11. b4 c5 12. bxc5 bxc5 13. dxc5 Bxc5 14. Rb1 Bc6 15. Bc1 Qa5 16. Nb5 a6 17. Nbd4 Bxd4 18. Nxd4 Bd7 19. Bb2 Ne4 20. Qc2 Ba4 21. Qc1 Re7 22. Bxe4 dxe4 23. Qc8+ Re8 24. Qb7 Nd7 25. Nc6 Nc5 26. Nxa5 Nxb7 27. Nxb7 Rab8 28. Bd4 Bb5 29. Nd6 Bxf1 30. Rxb8 Rxb8 31. Kxf1 Rb1+ 32. Ke2 Rg1 33. g3 Rh1 34. h4 Rb1 35. Nxe4 Rb3 36. Bc5 a5 37. Kd2 a4 38. Bb4 f5 39. Nc5 Rb2+ 40. Ke1 Rb1+ 41. Ke2 Rb2+ 42. Kf3 g6 43. Nxa4 Rb3 44. Nc5 Rb1 45. Nd7 Kf7 46. g4 fxg4+ 47. Kxg4 Rg1+ 48. Kf3 Rh1 49. Kg3 Rg1+ 50. Kh2 Rc1 51. Kg2 Ke6 52. Nf8+ Kf6 53. Nxh7+ Kg7 54. Ng5 Rc4 55. e4 Kf6 56. f4 Rc2+ 57. Kf3 Rc4 58. Ke3 Rc8 59. e5+ 1-0